| 000 | 00927nam a22001937a 4500 | ||
|---|---|---|---|
| 005 | 20260127145325.0 | ||
| 008 | 230715b ||||| |||| 00| 0 eng d | ||
| 040 |
_cSSBUL _dSSBUL |
||
| 082 |
_223 _a၈၉၅.၈၃ ညွန့် ၁၅၉၉၁ (S-SAT) |
||
| 100 |
_aညွန့်စိုး။ _928047 |
||
| 245 |
_aဝါးတောလှေနှင့် မျောတော့သည် / _cညွန့်စိုး။ |
||
| 260 |
_aရန်ကုန်၊ _bစာပေဗိမာန်၊ _c၁၉၆၅။ |
||
| 300 |
_a၆၄ စာမျက်နှာ၊ _c၁၈ စင်တီ။ |
||
| 440 |
_aစာပေဗိမာန်ထုတ် ပြည်သူ့လက်စွဲစာစဉ်။ _927865 |
||
| 500 | _aS-SAT: Dr. Prof Sai Aung Tun | ||
| 650 |
_aမြန်မာဝတ္ထု။ _914200 |
||
| 650 |
_aမြန်မာစာပေ _vဝတ္ထု။ _928048 |
||
| 942 |
_2ddc _cBK1 |
||
| 999 |
_c27247 _d27247 |
||